| 000 | 00773nam a22002177a 4500 | ||
|---|---|---|---|
| 001 | 114457 | ||
| 003 | DR-UNIBE | ||
| 005 | 20260323102014.0 | ||
| 008 | 260313b2000 sp ||||| |||| 00| 0 spa d | ||
| 040 |
_aBIBLIOTECA UNIBE _cBIBLIOTECA UNIBE _erda |
||
| 041 | _aspa | ||
| 082 | _a342.5652 J96 | ||
| 245 | 0 | 3 | _aLa justicia constitucional como elemento de consolidación de la democracia en Centroamérica |
| 260 |
_aValencia : _bTirant lo Blanch, _c2000 |
||
| 300 | _a 236 páginas | ||
| 650 | 7 |
_2lemb _aDerecho constitucional _zCentroamérica _9203599 |
|
| 650 | 7 |
_2lemb _aDemocracia _zCentroamérica _9203600 |
|
| 700 |
_a Hernández Valle, Rubén, _d1946- _ecoordinador _9203257 |
||
| 700 |
_aPérez Tremps, Pablo, _d 1956-2021 _ecoordinador _9203258 |
||
| 942 |
_2ddc _cBK |
||
| 999 |
_c114457 _d114457 |
||